Harmonising modern and patristic exegesis: a hypothesis; "Benedictus Dominus, Deus Israel ..." Lk 1,58-79; an investigation of two different models

Saved in:  
Bibliographic Details
Main Author: Bonney, Gillian (Author)
Format: Print Book
Language:English
Subito Delivery Service: Order now.
Check availability: HBZ Gateway
WorldCat: WorldCat
Interlibrary Loan:Interlibrary Loan for the Fachinformationsdienste (Specialized Information Services in Germany)
Published: 2003
In: Tesi di laurea (549 : Istituto di Teologia Dogmatica)
Year: 2003
Series/Journal:Tesi di laurea / Università Pontificia Salesiana, Facoltà di Teologia Istituto di Teologia Dogmatica 549
Standardized Subjects / Keyword chains:B Luke / Exegesis / Patristic theology
Further subjects:B Thesis

MARC

LEADER 00000cam a2200000 c 4500
001 118306182X
003 DE-627
005 20240503195616.0
007 tu
008 040824s2003 xx ||||| m 00| ||eng c
035 |a (DE-627)118306182X 
035 |a (DE-576)11306182X 
035 |a (DE-599)BSZ11306182X 
035 |a (OCoLC)315148525 
040 |a DE-627  |b ger  |c DE-627  |e rakwb 
041 |a eng 
084 |a 1  |2 ssgn 
100 1 |0 (DE-588)1053182716  |0 (DE-627)789662345  |0 (DE-576)178280534  |4 aut  |a Bonney, Gillian 
109 |a Bonney, Gillian  |a Bonney, Gillian Mary Claire 
245 1 0 |a Harmonising modern and patristic exegesis  |b a hypothesis; "Benedictus Dominus, Deus Israel ..." Lk 1,58-79; an investigation of two different models  |c Gillian Bonney 
264 1 |c 2003 
300 |a 13 S., S. 203 - 259 
336 |a Text  |b txt  |2 rdacontent 
337 |a ohne Hilfsmittel zu benutzen  |b n  |2 rdamedia 
338 |a Band  |b nc  |2 rdacarrier 
490 1 |a Tesi di laurea / Università Pontificia Salesiana, Facoltà di Teologia  |v 549  |a Istituto di Teologia Dogmatica 
500 |a Teilausg. der Diss 
502 |a Vollst. zugl.: Rome, Univ. Pontificia Salesiana, Diss., 2003 
583 1 |a Archivierung prüfen  |c 20200919  |f DE-640  |z 1  |2 pdager 
583 1 |a Archivierung/Langzeitarchivierung gewährleistet  |f SSG  |x XA-DE-BW  |2 pdager  |5 DE-21 
601 |a Patristik 
655 7 |a Hochschulschrift  |0 (DE-588)4113937-9  |0 (DE-627)105825778  |0 (DE-576)209480580  |2 gnd-content 
689 0 0 |d u  |0 (DE-588)4236376-7  |0 (DE-627)104894938  |0 (DE-576)210396377  |a Benedictus  |2 gnd 
689 0 1 |d s  |0 (DE-588)4015950-4  |0 (DE-627)104675314  |0 (DE-576)20891434X  |2 gnd  |a Exegese 
689 0 2 |d s  |0 (DE-588)4298909-7  |0 (DE-627)10412671X  |0 (DE-576)211014117  |2 gnd  |a Vätertheologie 
689 0 |5 (DE-627) 
751 |a Rom  |0 (DE-588)4050471-2  |0 (DE-627)106181963  |0 (DE-576)20908751X  |4 uvp 
810 2 |a Pontificia Università salesiana  |b Facoltà di teologia  |t Tesi di laurea  |v 549 : Istituto di Teologia Dogmatica  |9 549  |w (DE-627)1134851790  |w (DE-576)064851796  |7 am 
935 |a mteo 
951 |a BO 
BIR |a 03001068_03001079  |b biblesearch 
ELC |b 1 
ITA |a 1  |t 1 
LOK |0 000 xxxxxcx a22 zn 4500 
LOK |0 001 2446020267 
LOK |0 003 DE-627 
LOK |0 004 118306182X 
LOK |0 005 20040824000000 
LOK |0 008 040824||||||||||||||||ger||||||| 
LOK |0 040   |a DE-21  |c DE-627  |d DE-21 
LOK |0 852   |a DE-21 
LOK |0 852 1  |c US 104.642  |9 00 
LOK |0 935   |a theo 
LOK |0 936ln  |a t5.1 
LOK |0 939   |a 24-08-04  |b l01 
ORI |a SA-MARC-ixtheoa001.raw 
STA 0 0 |a Exegesis,Luke,Benedictus,Luke,Patristic theology 
STB 0 0 |a Exégèse,Théologie patristique 
STC 0 0 |a Exegesis,Teología patrística 
STD 0 0 |a Esegesi,Teologia patristica 
STE 0 0 |a 注释,诠释,解经 
STF 0 0 |a 注釋,詮釋,解經 
STG 0 0 |a Exegese,Teologia patrística 
STH 0 0 |a Патристическое богословие,Экзегетика 
STI 0 0 |a Εξηγητική,Ερμηνευτική,Πατερική θεολογία 
SYG 0 0 |a Bibel,Lukasevangelium,1,68-79,Benediktus , Benedetto,Benedictus,Benedict,Benedictus,Benedictus,Hesse, Benedikt,Hesse, Benedikt,Benedictus Petroburgensis,Benedictus , Bibelauslegung,Bibelexegese,Biblische Auslegung,Bibelinterpretation,Biblische Exegese,Schriftauslegung , Patristische Theologie,Kirchenväter,Kirchenschriftsteller